000 01947am aa2200397i 44500
003 PE-LiUPU
005 20251010115303.0
008 1700s2017 sp a rba 000 0 spa d
020 _a9788490827895
035 _aPE-LiUPU000012
040 _aPE-LiUPU
_bspa
_cPE-LiUPU
_erda
041 0 _aspa
082 0 4 _a617.0231
_bF363m
_223
100 _aFernández Aedo, Irrintzi,
_eautor.
_97146
245 1 0 _aManual práctico de enfermería quirúrgica :
_bguía rápida para el estudiante de enfermería en prácticas /
_ccoordinado por Irrintzi Fernández Aedo.
264 1 _aLeioa, España :
_bUniversidad del País Vasco, Servicio Editorial,
_c2017.
300 _a199 páginas ;
_c21 cm.
336 _atexto
_2rdacontent
337 _asin mediación
_2rdamedia
338 _avolumen
_2rdacarrier
500 _aIncluye bibliografía recomendada al final del libro.
504 _aIncluye referencias bibliográficas.
505 0 _aPrólogo -- Bloque quirúrgico -- Roles de la enfermería quirúrgica -- Mesa quirúrgica -- Cuidados de enfermería en anestesia -- Ventilador -- Instrumentación -- Laparoscopia -- Bisturí eléctrico -- Intensificador de imágenes -- Posicionamiento quirúrgico -- Bibliografía recomendada.
650 1 4 _aEnfermería quirúrgica
_9747
650 2 4 _aProcedimientos quirúrgicos.
_97148
700 _aArtetxe Ferrero, Ibon,
_eautor.
_97149
700 _aBallesteros Peña, Sendoa,
_eautor.
_97150
700 _aVallejo De la Hoz, Gorka,
_eautor.
_97151
700 _aGaztelu-Iturri Ortuoste, Ainhoa,
_eautor.
_97152
700 _aMaestre Martínez, María Teresa,
_eautor.
_97153
710 _aUniversidad del País Vasco.
_eeditor.
_97154
856 4 0 _uhttps://www.ehu.eus/es/web/argitalpenak
_zSitio web de la editorial.
942 _2ddc
_cBK
980 _621515
_aROMINA COBOS Adquisiciones
_818226
_gJaime Vilcazán Jefe de Análisis Documental
999 _c63106
_d63105